00853nam a2200265Ia 4500008004100000020002200041020002200063020002200085040001800107041000800125100002200133245005000155250001200205260005600217300004700273490004700320504005300367650004800420650002900468650001800497650001700515700001900532700001800551700001800569130821s2011 xxua gr eng  a978 0 470 74991 3 a978 0 470 97780 4 a978 0 470 97781 1 aCo-BoUCMbspa00aeng1 aEveritt, Brian S.10aCluster AnalysiscBrian S. Everitt...[et al.] a5th ed. aHoboken (Nueva Jersey, Estados Unidos)bWileyc2011 axii, 330 páginasbilustraciones, cuadros 0aWiley series in probability and statistics aIncluye referencias bibliográficas e índice. aAnálisis de conglomerados (Estadística) aAnálisis multivariante aMatemáticas aProbabilidad1 aLandau, Sabine1 aLeese, Morven1 aStahl, Daniel